000 01605nam a22002537a 4500
005 20220914161203.0
008 220914b ||||| |||| 00| 0 eng d
020 _a9789354892448
040 _cAL
041 _aEnglish
082 _223
_a954.87
_bNAVM
100 _aDeepti Navaratna
_957517
245 _aMaverick Maharaja:the life and times of his highness Maharaja Jayachamarajendra Wadiyar
260 _aHaryana
_bHarper Collins Publishers
_c2022
300 _axxiv,283 p.
_bPB
_c23x15 cm.
365 _aBLCR-000076
_b₹479.00
_c
_d₹599.00
_e20%
_f30-08-2022
520 _aCan someone find the divine in a Carnatic Kriti and a Western Symphony at once? Can one revere ancient knowledge while being fully aware of its limitations? Can a mind steeped in Advaita Vedanta seek Spinozist counterpoints? Can one’s spirit be contemporary and classical at the same time? His Highness the Maharaja of Mysore Jayachamarajendra Wadiyar’s life beautifully negotiated such paradoxes and impossibilities. Philosophy, wildlife conservation, philately, photography, music, statesmanship–all converged in his consciousness like perfectly fitting pieces of a giant jigsaw puzzle. Life spoke to him in beautiful metaphors, understood by few. It is not very often that the man emerges from the shadows of his crown. That is precisely why his story has to be told.
650 _aThe Wadiyar Legacy
_957518
650 _aAdministrative Marvels
_957519
650 _aThe Democrat in the Durbar
_957520
650 _aThe Maverick Manodharma
_957521
700 _aNAVARATNA (Deepti)
_957522
942 _2ddc
_cBK
999 _c224606
_d224606